00393nam a2200157Ia 45000010006000000050017000060080041000230410008000640820019000721000039000912450052001302600009001823000028001916500008002196540008002271006020260306161804.0260306t2022||||xx |||||||||||||| ||spa|| aESP aPE 869.57bR75 aRodríguez-Camargo, MauricioeAUT 0aBienvenidos al desván:bteatro para jóvenes c2022 a146 páginas :c21 cm. aGEN aCHU